000 00388 a2200169 4500
001 46920
020 _a9788506053324
040 _cAnchieta - Aquarius
100 _aDann, Penny
240 1 0 _a*As jóias secretas das fadas
_lpor
245 1 0 _a*As jóias secretas das fadas
300 _a
362 0 _a2007
440 1 _aMelhoramentos
650 4 _aLiteratura infantil
942 _cBK
999 _c46920
_d46920